000 00388nam a2200157Ia 4500
008 230524s9999 xx 000 0 und d
082 _a530
_bPAL
100 _aPallab Bhatacharaya
_915584
245 0 _aSemiconductor Optoelectronic Device
250 _a2ND
260 _aNEW DELHI
_bPearson
_c2001
300 _a269
500 _aQuantity Number: 1
650 _aPhysics
942 _cBK
999 _c23539
_d23539